Представление документа в формате RUSMARC

ПолеНазваниеЗначение
  Тип записи c
  Библиографический уровень m
001 Контрольный номер RU/УОНБ/EK_N/388682448
005 Дата корректировки 20240131001945.3
010 Индекс ISBN __
9 Тираж 2780 экз.
013 Номер (ISMN) __
d Цена 59 к.
071 Издательские номер (звукозапись и ноты) 21
a Номер, присвоенный агентством с3128к
100 Данные общей обработки __
a Данные общей обработки 20120425d1974 u y0rusy0189||||ca
101 Язык документа 0_
a Язык текста rus
102 Страна публикации __
a Страна публикации RU
105 Кодированные данные (монография) __
a Кодированные данные (монография) y###||||000|y
125 Кодированные данные звукозаписи и нотных изданий __
a Форма изложения нотного текста с|
128 Кодированные данные (звукозаписи-физические характеристики) __
a Кодированные данные: Музыкальная форма и тональность или лад voc
c Инструменты или голоса, рекомендуемые для солистов (устаревшее) vf||
c Инструменты или голоса, рекомендуемые для солистов (устаревшее) ka||
200 Заглавие и сведения об ответственности 1_
a Заглавие Вып. 3
e Сведения, относящиеся к заглавию для баса в сопровожд. фп.
e Сведения, относящиеся к заглавию [метод. пособие для обучения вокал. искусству]
f Первые сведения об ответственности сост. и авт. предисл. В. Томилина
210 Выходные данные 1_
d Дата издания 1974
215 Физическое описание __
a Объем 47 c.
327 Примечание о содержании 11
a Примечание о содержании Содерж. : Абт Ф. Три вокализа. - Панофка Г. Вокализ № 11. - Зейдлер Г. Вокализ № 1. - Конконе Дж. Три вокализа. - Глинка М. Четыре этюда-вокализа. - Лысенко Н. Вокализ. - Танеев С. Два вокализа. - Новиков А. Вокализ. - Назарова Т. Вокализ № 1. - Кикта В. Вокализ № 3. - Чалаев Ш. Ирибский вокализ.
461 Уровень набора _0
1 001RU/УОНБ/EK_N/388680735
1 200
a Вокализы
b [Ноты]
v Вып. 3
1 210
a М.
c Сов. композитор
d 1974
464 Аналитический уровень _0
1 2001
a Три вокализа
1 700 1
a Абт
b Ф.
4 230
464 Аналитический уровень _0
1 2001
a Вокализ № 11
1 700 1
a Панофка
b Г.
4 230
464 Аналитический уровень _0
1 2001
a Вокализ № 1
1 700 1
a Зейдлер
b Г.
4 230
464 Аналитический уровень _0
1 2001
a Три вокализа
1 700 1
a Конконе
b Дж.
4 230
464 Аналитический уровень _0
1 2001
a Четыре этюда-вокализа
1 700 1
a Глинка
b М.
4 230
464 Аналитический уровень _0
1 2001
a Вокализ
1 700 1
a Лысенко
b Н.
4 230
464 Аналитический уровень _0
1 2001
a Два вокализа
1 700 1
a Танеев
b С.
1 700 1
a Танеев
b С.
4 230
464 Аналитический уровень _0
1 2001
a Вокализ
1 700 1
a Новиков
b А.
4 230
464 Аналитический уровень _0
1 2001
a Вокализ № 1
1 700 1
a Назарова
b Т.
4 230
464 Аналитический уровень _0
1 2001
a Вокализ № 3
1 700 1
a Кикта
b В.
4 230
464 Аналитический уровень _0
1 2001
a Ирибский вокализ
1 700 1
a Чалаев
b Ш.
4 230
606 Тематические рубрики 0_
a Основная рубрика Вокализы
x Основная подрубрика Бас (голос)
610 Ключевые слова 0_
a Ключевые слова вокализы
610 Ключевые слова 0_
a Ключевые слова бас (голос)
686 Индексы других классификаций __
a Классификационный индекс 85.943.91
2 Код системы rubbk
702 Вторичная интеллектуальная ответственность _1
a Фамилия Томилина
b Имя (инициалы) В.
4 Код отношения 220
702 Вторичная интеллектуальная ответственность _1
a Фамилия Томилина
b Имя (инициалы) В.
4 Код отношения 080
801 Источник записи _0
a Страна RU
b Организация Ульяновская ОНБ
c Дата составления 20120425
g Правила каталогизации RCR
801 Источник записи _1
a Страна RU
b Организация Ульяновская ОНБ
c Дата составления 20120425
g Правила каталогизации RCR
901 Тип документа __
t Тип документа n
w Контрольный № источника RU/УОНБ/EK_N/388680735
909 Создатель записи __
a Создатель записи Лобина Л. И.
938 Служебная информация __
a Имя БД noti
b Имя библиотеки УОНБ
c Имя АИБС МАРК-SQL
d Номер DOC_ID в БД 10012